00342nam a2200133 a 45000010010000000030011000100080041000210350026000620820017000881000021001052450027001262600036001536500019001890000-8745ELIB.Books110520 1986  a(ELIB.Books)0000-8891 a270.82 bAmi aAmirtham, Samuel aTheology by the People bGeneva: WCC Publications c1986 aChurch History